| 000 | 00831nam a2200241Ia 4500 | ||
|---|---|---|---|
| 003 | OSt | ||
| 005 | 20221005113011.0 | ||
| 006 | a|||||r|||| 00| 0 | ||
| 007 | ta | ||
| 008 | 221004b |||||||| |||| 00| 0 pan d | ||
| 020 |
_a9788123770287 (pbk) _c130 |
||
| 024 | _a12387 | ||
| 037 |
_b823, 13/03/2014, H.K. Prakashan _cTextual |
||
| 040 |
_aCRL _cCRL _bpan |
||
| 041 |
_2pan _apan |
||
| 082 | _aO35,3N50,SW, 153Q4 | ||
| 100 | _aਬੱਦਨ, ਬਲਦੇਵ ਸਿੰਘ, ੳਗ. | ||
| 245 | 0 | _aਸਵੈ ਇੱਛਾ | |
| 260 |
_aਦਿੱਲੀ _bਨੈFਨਲ ਬੁਕ ਟਰੱਸਟ ਭਾਰਤ _c2014 |
||
| 300 |
_a146ਪੰ _ccm. |
||
| 942 |
_hO35,3N50,SW, 153Q4 _cTEXL _2cc |
||
| 999 |
_c1026701 _d1026701 |
||